| 000 | 00850pam a2200277 a 4500 | ||
|---|---|---|---|
| 001 | 6796 | ||
| 003 | BD-RjUL | ||
| 005 | 20211208234320.0 | ||
| 008 | 170104r20041990njua 001 0 eng d | ||
| 020 | _a8120307712 | ||
| 035 | _a(BD-RjUL)6838 | ||
| 040 |
_aDLC _cDLC _dDLC _beng |
||
| 041 | _aeng | ||
| 082 | 0 | 0 |
_a621.382 _220 _bMAT 2004 |
| 100 | 1 |
_aMartin, James, _d1933-2013. _91091 |
|
| 245 | 1 | 0 |
_aTelecommunications and the computer / _cJames Martin. |
| 250 | _a3rd ed. | ||
| 260 |
_aEnglewood Cliffs, N.J. : _bPrentice Hall, _cc1990. [Reprinted 2004] |
||
| 300 |
_axvi, 720 p. : _bill. ; _c25 cm. |
||
| 500 | _a"A James Martin book"--Cover. | ||
| 504 | _aIncludes bibliographical references and index. | ||
| 650 | 0 |
_aTelecommunication. _921364 |
|
| 650 | 0 |
_aData transmission systems. _9408 |
|
| 942 |
_2ddc _cBK |
||
| 999 |
_c6796 _d6796 |
||